[Event "Titled Tuesday intern op 30th Jul Late"]
[Site "Chess.com INT"]
[Date "2024.07.30"]
[Round "6"]
[White "Dann, Matthias"]
[Black "Tikhonov, Viacheslav"]
[Result "1-0"]
[WhiteElo "2458"]
[BlackElo "2160"]
[PlyCount "99"]
[EventDate "2024.07.30"]
[EventType "swiss (blitz)"]
[EventRounds "11"]
[EventCountry "USA"]
[SourceTitle "EXT 2025"]
[Source "ChessBase"]
[SourceDate "2024.10.14"]
[SourceVersion "1"]
[SourceVersionDate "2024.10.14"]
[SourceQuality "1"]

1. e4 c5 2. Nf3 Nc6 3. d4 cxd4 4. Nxd4 g6 5. Nc3 Bg7 6. Be3 Nf6 7. Bc4 Qa5 8. 0-0 0-0 9. Bb3 d6 10. h3 Bd7 11. Re1 Nxd4 12. Bxd4 Bc6 13. Nd5 Rfe8 14. Nxf6+ exf6 15. Bc3 Qc7 16. Qd3 Rad8 17. Rad1 a6 18. Bb4 Qb6 19. Qc4 Qc7 20. Qd3 Qb6 21. Bc3 Qc7 22. Qf3 Qe7 23. Bd5 f5 24. exf5 Bxd5 25. Qxd5 Qg5 26. Rxe8+ Rxe8 27. Bxg7 Kxg7 28. Qd4+ Kg8 29. fxg6 Qxg6 30. Rd2 Re6 31. g3 h6 32. Kg2 Qf5 33. h4 Qa5 34. a3 Qf5 35. c4 Kh7 36. b4 Kg8 37. Qd5 Qxd5+ 38. Rxd5 Kg7 39. Kf3 Kf6 40. Kf4 Ke7 41. f3 Rf6+ 42. Ke3 Re6+ 43. Kd3 Rf6 44. Ke2 Re6+ 45. Kf2 Kf6 46. Rd3 Kg6 47. Re3 Rf6 48. Re7 b5 49. Ra7 bxc4 50. Rxa6 1-0

[Event "Titled Tuesday intern op 30th Jul Late"]
[Site "Chess.com INT"]
[Date "2024.07.30"]
[Round "9"]
[White "Lintchevski, Daniil"]
[Black "Dann, Matthias"]
[Result "1-0"]
[WhiteElo "2532"]
[BlackElo "2458"]
[PlyCount "57"]
[EventDate "2024.07.30"]
[EventType "swiss (blitz)"]
[EventRounds "11"]
[EventCountry "USA"]
[SourceTitle "EXT 2025"]
[Source "ChessBase"]
[SourceDate "2024.10.14"]
[SourceVersion "1"]
[SourceVersionDate "2024.10.14"]
[SourceQuality "1"]

1. e4 c5 2. c3 e6 3. d4 d5 4. exd5 exd5 5. Nf3 Nc6 6. Bb5 Bd6 7. dxc5 Bxc5 8. 0-0 Nge7 9. Nbd2 0-0 10. Nb3 Bd6 11. h3 Bf5 12. Nbd4 Be4 13. Be3 a6 14. Ba4 Bc7 15. Nxc6 Nxc6 16. Ng5 Qd6 17. g3 Bg6 18. Bf4 Ne5 19. Re1 f6 20. Nf3 Be4 21. Nd2 Bd3 22. Bb3 Rad8 23. Nf3 Bc4 24. Nxe5 fxe5 25. Bxe5 Qb6 26. Bd4 Qg6 27. Bc2 Qf7 28. Qg4 Bb5 29. Qh4 1-0

[Event "Titled Tuesday intern op 30th Jul Late"]
[Site "Chess.com INT"]
[Date "2024.07.30"]
[Round "7"]
[White "Weisz, Bryan"]
[Black "Dann, Matthias"]
[Result "1/2-1/2"]
[WhiteElo "2004"]
[BlackElo "2458"]
[PlyCount "164"]
[EventDate "2024.07.30"]
[EventType "swiss (blitz)"]
[EventRounds "11"]
[EventCountry "USA"]
[SourceTitle "EXT 2025"]
[Source "ChessBase"]
[SourceDate "2024.10.14"]
[SourceVersion "1"]
[SourceVersionDate "2024.10.14"]
[SourceQuality "1"]

1. d4 Nf6 2. Nf3 g6 3. c4 d6 4. Nc3 Nc6 5. d5 Ne5 6. Nxe5 dxe5 7. g3 e6 8. Bg2 exd5 9. cxd5 Bg7 10. 0-0 0-0 11. b4 e4 12. Bb2 Nxd5 13. Qxd5 Qxd5 14. Nxd5 Bxb2 15. Rad1 Be5 16. Bxe4 Kg7 17. b5 Be6 18. f4 Bd6 19. f5 gxf5 20. Bxf5 Rae8 21. e4 c6 22. bxc6 bxc6 23. Nf4 Bxf4 24. Rxf4 Rd8 25. Rc1 Rd6 26. e5 Rd5 27. Bxe6 fxe6 28. Rxc6 Rxe5 29. Rc7+ Kg8 30. Rxf8+ Kxf8 31. Rxa7 h5 32. Kf2 Rb5 33. h3 Rb4 34. Kf3 e5 35. Rh7 Ra4 36. Rxh5 e4+ 37. Ke3 Ra3+ 38. Kf4 Rf3+ 39. Kg4 Ra3 40. Re5 e3 41. Kf4 Rxa2 42. Rxe3 Kg7 43. h4 Kg6 44. Re6+ Kg7 45. Rb6 Ra4+ 46. Kf3 Ra3+ 47. Kg4 Ra4+ 48. Kh3 Rc4 49. g4 Rc3+ 50. Kg2 Re3 51. Kf2 Rd3 52. Re6 Rc3 53. Re3 Rc1 54. Kf3 Rf1+ 55. Ke4 Rh1 56. h5 Kh6 57. Kf4 Rf1+ 58. Rf3 Ra1 59. Kg3 Rg1+ 60. Kf4 Ra1 61. g5+ Kxh5 62. Rh3+ Kg6 63. Rh6+ Kg7 64. Rb6 Rf1+ 65. Kg4 Rg1+ 66. Kf5 Rf1+ 67. Ke5 Re1+ 68. Kf4 Rf1+ 69. Kg3 Rg1+ 70. Kh4 Rh1+ 71. Kg4 Rg1+ 72. Kf5 Rf1+ 73. Ke4 Rg1 74. Rb5 Kg6 75. Kf4 Rf1+ 76. Kg3 Rg1+ 77. Kh4 Rh1+ 78. Kg4 Rg1+ 79. Kf4 Rf1+ 80. Ke3 Rf5 81. Rxf5 Kxf5 82. g6 Kxg6 1/2-1/2

[Event "Titled Tuesday intern op 16th Jul Late"]
[Site "Chess.com INT"]
[Date "2024.07.16"]
[Round "1"]
[White "Dann, Matthias"]
[Black "Slade, Theodore"]
[Result "1-0"]
[WhiteElo "2458"]
[BlackElo "2109"]
[PlyCount "111"]
[EventDate "2024.07.16"]
[EventType "swiss (blitz)"]
[EventRounds "11"]
[EventCountry "USA"]
[SourceTitle "EXT 2025"]
[Source "ChessBase"]
[SourceDate "2024.10.14"]
[SourceVersion "1"]
[SourceVersionDate "2024.10.14"]
[SourceQuality "1"]

1. e4 e5 2. Nf3 Nc6 3. Bb5 Nf6 4. d3 Bc5 5. Bxc6 dxc6 6. Nbd2 Be6 7. Qe2 Nd7 8. Nb3 Bb6 9. Ng5 Bxb3 10. axb3 f6 11. Qh5+ g6 12. Qg4 Qe7 13. Nh3 0-0-0 14. Be3 Bxe3 15. fxe3 Kb8 16. 0-0-0 Nc5 17. Rhf1 Rhf8 18. Qh4 a5 19. Qe1 b6 20. Qc3 Kb7 21. Kb1 Ne6 22. g4 c5 23. Rf2 Ra8 24. Qc4 h6 25. Rdf1 Rf7 26. Ng1 Raf8 27. h4 Qd7 28. Nf3 Kb8 29. Qd5 Qxd5 30. exd5 Nd8 31. h5 gxh5 32. gxh5 c6 33. d6 Kc8 34. Nh4 Kd7 35. Ng6 Rg8 36. Rxf6 Rxf6 37. Rxf6 Ne6 38. Nxe5+ Kxd6 39. Ng6 Kd7 40. c3 Ng7 41. Nf4 Kc7 42. Rg6 Kb7 43. Ne6 Re8 44. Rxg7+ Ka6 45. Rg6 Re7 46. Kc2 Rf7 47. Nf4 Re7 48. Kd2 Rf7 49. Rxc6 Rg7 50. Rg6 Rf7 51. Rxh6 Rf5 52. Rg6 Re5 53. h6 Re8 54. h7 Rh8 55. Rh6 Kb5 56. Ng6 1-0

[Event "Titled Tuesday intern op 16th Jul Late"]
[Site "Chess.com INT"]
[Date "2024.07.16"]
[Round "5"]
[White "Milosevic, Milos"]
[Black "Dann, Matthias"]
[Result "0-1"]
[WhiteElo "2315"]
[BlackElo "2458"]
[PlyCount "66"]
[EventDate "2024.07.16"]
[EventType "swiss (blitz)"]
[EventRounds "11"]
[EventCountry "USA"]
[SourceTitle "EXT 2025"]
[Source "ChessBase"]
[SourceDate "2024.10.14"]
[SourceVersion "1"]
[SourceVersionDate "2024.10.14"]
[SourceQuality "1"]

1. d4 Nf6 2. Bf4 d6 3. Nc3 Nc6 4. d5 Ne5 5. e4 Ng6 6. Be3 e6 7. Bc4 Be7 8. h3 0-0 9. Nf3 e5 10. Qd2 a6 11. a4 Nh5 12. Ne2 f5 13. exf5 Bxf5 14. g4 Be4 15. Ng5 Bxg5 16. Bxg5 Nf6 17. Rg1 b5 18. Ng3 bxc4 19. Bxf6 Qxf6 20. Nxe4 Qf3 21. Ng5 Qf6 22. 0-0-0 Nf4 23. Ne4 Qg6 24. Qe3 Nxh3 25. Qxh3 Qxe4 26. Kb1 Rxf2 27. Rc1 Rb8 28. Qc3 Rf3 29. Qe1 Qd4 30. c3 Qxd5 31. Ka1 Qc6 32. Qd1 Rd3 33. Qc2 Rb3 0-1

[Event "Titled Tuesday intern op 16th Jul Late"]
[Site "Chess.com INT"]
[Date "2024.07.16"]
[Round "8"]
[White "Tikhonov, Viacheslav"]
[Black "Dann, Matthias"]
[Result "1-0"]
[WhiteElo "2160"]
[BlackElo "2458"]
[PlyCount "67"]
[EventDate "2024.07.16"]
[EventType "swiss (blitz)"]
[EventRounds "11"]
[EventCountry "USA"]
[SourceTitle "EXT 2025"]
[Source "ChessBase"]
[SourceDate "2024.10.14"]
[SourceVersion "1"]
[SourceVersionDate "2024.10.14"]
[SourceQuality "1"]

1. d4 Nf6 2. c4 e6 3. Nf3 d5 4. g3 dxc4 5. Bg2 a6 6. 0-0 Nc6 7. Qc2 b5 8. Ne5 Nb4 9. Qd1 Nbd5 10. a4 Bb7 11. b3 cxb3 12. Qxb3 c6 13. Nd2 Be7 14. Bb2 0-0 15. Rfc1 Rc8 16. Nd3 Nb6 17. axb5 axb5 18. Ra7 Ba8 19. Ne5 Nfd5 20. Ne4 f6 21. Nd3 Rf7 22. Bh3 f5 23. Ne5 fxe4 24. Bxe6 Rc7 25. Nxf7 Qb8 26. Rxc7 Nxc7 27. Ne5+ Kh8 28. Nxc6 Bxc6 29. Rxc6 Qb7 30. d5 Nxe6 31. Rxe6 Nxd5 32. Qc2 Nf6 33. Bxf6 gxf6 34. Qxe4 1-0